| 000 | 00911nam a22002897a 4500 | ||
|---|---|---|---|
| 003 | CHAP | ||
| 005 | 20220817041535.0 | ||
| 008 | 971013s1975 r 00010 d | ||
| 010 | _a17458 | ||
| 011 | _a18430 | ||
| 035 | _a22515 | ||
| 040 | _cCHAP | ||
| 082 |
_a338.1 _bJ63 |
||
| 100 | 0 | 0 |
_aJohnston, Bruce F. _961889 |
| 245 |
_aAgriculture and structural transformation _b: economic strategies in late-developing countries |
||
| 260 |
_aNew York : _bOxford, _c1975 |
||
| 300 | _a474 p | ||
| 590 |
_aBATCH-UPD _b10 _c20130110 _lUCH01 _h1929 |
||
| 590 |
_aBATCH-UPD _b10 _c20130410 _lUCH01 _h1253 |
||
| 590 |
_aBATCH-UPD _b10 _c20130914 _lUCH01 _h1708 |
||
| 590 |
_aCONVERSION _b10 _c20130109 _lUCH01 _h1311 |
||
| 650 | 1 | 4 |
_aAgricultura _xAspectos económicos. |
| 700 | 0 |
_aKilby, Peter. _963202 |
|
| 901 | _aBK | ||
| 942 | _cLIBRO | ||
| 949 |
_a338.1 J63 _bBC _cLIBRO _d33724000343679 _eLIBRO _h54434 _i22515 _si _t418.00 |
||
| 999 |
_c17458 _d17458 |
||